Contemporary political theory : basic concepts and major trends (Record no. 85782)
[ view plain ]
| 000 -LEADER | |
|---|---|
| fixed length control field | 00499nam a2200193Ia 4500 |
| 003 - CONTROL NUMBER IDENTIFIER | |
| control field | OSt |
| 005 - DATE AND TIME OF LATEST TRANSACTION | |
| control field | 20250701143626.0 |
| 008 - FIXED-LENGTH DATA ELEMENTS--GENERAL INFORMATION | |
| fixed length control field | 210210b1979 xxu||||| |||| 00| 0 eng d |
| 040 ## - CATALOGING SOURCE | |
| Transcribing agency | AL |
| 041 ## - LANGUAGE CODE | |
| Language code of text/sound track or separate title | eng |
| 082 ## - DEWEY DECIMAL CLASSIFICATION NUMBER | |
| Classification number | 320.01 JOHC |
| 100 ## - MAIN ENTRY--PERSONAL NAME | |
| Personal name | Johari J C |
| 9 (RLIN) | 40673 |
| 245 ## - TITLE STATEMENT | |
| Title | Contemporary political theory : basic concepts and major trends |
| 260 ## - PUBLICATION, DISTRIBUTION, ETC. | |
| Place of publication, distribution, etc. | ND |
| Name of publisher, distributor, etc. | Sterling Publishers Pvt Ltd. |
| Date of publication, distribution, etc. | 1979 |
| 300 ## - PHYSICAL DESCRIPTION | |
| Extent | xv,445 |
| 690 ## - LOCAL SUBJECT ADDED ENTRY--TOPICAL TERM (OCLC, RLIN) | |
| Topical term or geographic name as entry element | Political Theory |
| 9 (RLIN) | 40674 |
| 906 ## - LOCAL DATA ELEMENT F, LDF (RLIN) | |
| a | 034728 |
| 942 ## - ADDED ENTRY ELEMENTS (KOHA) | |
| Source of classification or shelving scheme | Dewey Decimal Classification |
| Koha item type | Book |
| Withdrawn status | Lost status | Source of classification or shelving scheme | Damaged status | Not for loan | Collection code | Home library | Current library | Shelving location | Date acquired | Cost, normal purchase price | Total Checkouts | Full call number | Barcode | Date last seen | Price effective from | Koha item type | Date last checked out |
|---|---|---|---|---|---|---|---|---|---|---|---|---|---|---|---|---|---|
| Dewey Decimal Classification | Political Science | St Aloysius Library | St Aloysius Library | Secondary stack section | 02/17/2021 | 100.00 | 320.01 JOHC | 034728 | 02/17/2021 | 02/17/2021 | Book | ||||||
| Dewey Decimal Classification | Political Science | St Aloysius Library | St Aloysius Library | Stack Section | 02/17/2021 | 100.00 | 320.01 JOHC | 035924 | 02/17/2021 | 02/17/2021 | Book | ||||||
| Dewey Decimal Classification | Political Science | St Aloysius Library | St Aloysius Library | Secondary stack section | 02/17/2021 | 100.00 | 1 | 320.01 JOHC | 040545 | 03/17/2022 | 02/17/2021 | Book | 11/02/2021 |